Principles of corporate insolvency law / (Record no. 8418)

MARC details
000 -LEADER
fixed length control field 00411nam a22001457a 4500
008 - FIXED-LENGTH DATA ELEMENTS--GENERAL INFORMATION
fixed length control field 151006b xxu||||| |||| 00| 0 eng d
020 ## - INTERNATIONAL STANDARD BOOK NUMBER
International Standard Book Number 9780414047877
082 ## - DEWEY DECIMAL CLASSIFICATION NUMBER
Classification number 346.078 GOO
100 ## - MAIN ENTRY--PERSONAL NAME
Personal name Goode, Roy
245 ## - TITLE STATEMENT
Title Principles of corporate insolvency law /
Statement of responsibility, etc Roy Goode
260 ## - PUBLICATION, DISTRIBUTION, ETC. (IMPRINT)
Place of publication, distribution, etc London :
Name of publisher, distributor, etc Sweet and Maxwell ,
Date of publication, distribution, etc c 2011
300 ## - PHYSICAL DESCRIPTION
Extent cvi, 835p. :
Other physical details ill.
Dimensions 24cm.
500 ## - GENERAL NOTE
General note Includes index
942 ## - ADDED ENTRY ELEMENTS (KOHA)
Source of classification or shelving scheme Dewey Decimal Classification
Item type Books
Holdings
Withdrawn status Lost status Source of classification or shelving scheme Damaged status Not for loan Home library Current library Shelving location Date acquired Total Checkouts Full call number Barcode Date last seen Copy number Price effective from Koha item type
    Dewey Decimal Classification     Law Development Centre Main Library Law Development Centre Main Library Text Books and Laws 10/06/2015   346.078 GOO 894/015 10/06/2015 001 10/06/2015 Books
    Dewey Decimal Classification     Law Development Centre Main Library Law Development Centre Main Library Text Books and Laws 10/06/2015   346.078 GOO 893/015 10/06/2015 002 10/06/2015 Books
    Dewey Decimal Classification     Law Development Centre Main Library Law Development Centre Main Library Text Books and Laws 10/06/2015   346.078 GOO 892/015 10/06/2015 003 10/06/2015 Books